000 00732nam a2200217Ia 4500
008 240729s9999 xx 000 0 und d
022 _a2230-9500
245 0 _aIndian Journal of Endocrinology and Metabolism
260 _aIndia
260 _bWolters Kluwer Medknow Publications
650 _a Diseases of the digestive system. Gastroenterology
650 _a Diseases of the endocrine glands. Clinical endocrinology | Medicine
650 _a Internal medicine
650 _a Internal medicine
650 _a Specialties of internal medicine
650 _a Specialties of internal medicine
650 _aMedicine
856 _uhttps://doaj.org/toc/bf9adc987ccb4911a350fcd5910f9bad
942 _2ddc
942 _cDOAJEJ
999 _c71456
_d71456
945 _a1
_bMadushi Gamage
_c1
_dMadushi Gamage